000 00314nam a22001337a 4500
020 _a0-679-81347-0
082 _a823
_bFAR/B
100 _aFARLEY, WALTER
245 _aTHE BLACK STALLION'S BLOOD BAY COLT
260 _aNEW YORK
_bRANDOM HOUSE
_c1994
300 _a278
650 _aNOVEL
_zUNITED STATES
942 _cBK
999 _c3180
_d3180